[Event "Antananarivo Elo May"]
[Site "Antananarivo"]
[Date "2022.05.07"]
[Round "1"]
[White "Rakotosoa, Riana Anicet"]
[Black "Rajoarimanana, Fanahy Fortunat"]
[Result "0-1"]
[WhiteElo "1449"]
[BlackElo "1501"]
[PlyCount "86"]
[EventDate "2022.05.07"]
[EventType "swiss"]
[EventRounds "6"]
[EventCountry "MAD"]
[SourceTitle "EXT 2023"]
[Source "ChessBase"]
[SourceDate "2022.10.05"]
[SourceVersion "1"]
[SourceVersionDate "2022.10.05"]
[SourceQuality "1"]

1. e4 d6 2. f4 e5 3. Qf3 Nf6 4. f5 d5 5. d3 Nc6 6. Bg5 Be7 7. c3 Qd6 8. Nd2 Nxe4 9. Bxe7 Nxd2 10. Qe2 Nxe7 11. Kxd2 Bxf5 12. g4 Bg6 13. h4 h5 14. Bg2 0-0-0 15. Kc2 hxg4 16. Qxg4+ Bf5 17. Qe2 Kb8 18. Re1 Qa6 19. Qxe5 Qxd3+ 20. Kb3 Rd6 21. a4 Qc4+ 22. Ka3 Rb6 23. b4 Bc2 24. Bxd5 Qxd5 25. Qxd5 Nxd5 26. Re5 f6 27. Rxd5 Be4 28. Rd7 Bxh1 29. Rxg7 a5 30. Rg4 f5 31. Rf4 Be4 32. Ne2 axb4+ 33. cxb4 Rbh6 34. Ng3 Rxh4 35. Rxh4 Rxh4 36. Nxf5 Bxf5 37. a5 Rh3+ 38. Ka4 c6 39. a6 b6 40. a7+ Kxa7 41. b5 Bc2+ 42. Kb4 c5+ 43. Kc4 Bb3# 0-1